| 000 | 01390nam a2200349 u 4500 | ||
|---|---|---|---|
| 001 | 00020320 | ||
| 003 | DO-SdBNP | ||
| 005 | 20180312091443.0 | ||
| 007 | 00020320 | ||
| 008 | 100804s2002 dr a r 000 0 spa d | ||
| 020 | _a999344156 | ||
| 040 |
_aBPMSU _bspa _cBPMSU |
||
| 082 |
_a372.372 _bH519e , 7mo. 2002 |
||
| 100 | 1 | _aHenríquez Díaz, Lourdes | |
| 245 | 1 | 0 |
_aEducación sexual 7 : _beducación básica / _cFrancisca Ferreiras.; dirección editorial Obdulia García de Escobar ; ilustración Ruddy Núñez |
| 260 | 0 |
_aSanto Domingo : _bSantillana , _c2002. |
|
| 300 |
_a63 p. : _bil. ; _c28 cm. |
||
| 490 | 1 |
_aÚmbral _v7 |
|
| 505 | 0 |
_t Adolescencia -- _tLos órganos sexuales y la sexualidad humana -- _tSalud sexual y reproductividad -- _tLas relaciones familiares -- _t |
|
| 650 | 4 |
_aEDUCACIÓN SEXUAL PARA NIÑOS _xENSEÑANZA BÁSICA |
|
| 650 | 4 |
_aEDUCACIÓN SEXUAL PARA NIÑOS _xESTUDIOS Y EJERCÍCIOS |
|
| 650 | 4 |
_aEDUCACIÓN SEXUAL PARA NIÑOS _xLIBROS DE TEXTOS |
|
| 650 | 4 |
_aEDUCACIÓN SEXUAL PARA NIÑOS _xEDUCACIÓN PRIMARIA |
|
| 650 | 4 |
_aEDUCACIÓN PRIMARIA _zREPÚBLICA DOMINICANA |
|
| 700 | 1 | 2 |
_a García de Escobar, Obdulia _eed. |
| 700 | 1 | 2 |
_aNúñez, Ruddy _eil. |
| 830 | 0 |
_aÚmbral _v7 |
|
| 910 | _aValidado. Control de calidad MFF | ||
| 942 |
_2ddc _cBK |
||
| 945 | _ainventariado, 2018 / dg | ||
| 956 |
_aVMATEO _b10 _c20160513 _lBPMSU _h0069 |
||
| 999 |
_c10131 _d10131 |
||